[Event "Paracin op 16th"]
[Site "Paracin"]
[Date "2023.07.07"]
[Round "1"]
[White "Solomontchik, Daniel"]
[Black "Aaditya, Dhingra"]
[Result "0-1"]
[WhiteElo "1700"]
[BlackElo "2144"]
[PlyCount "88"]
[EventDate "2023.07.07"]
[EventType "swiss"]
[EventRounds "9"]
[EventCountry "SRB"]
[SourceTitle "EXT 2024"]
[Source "ChessBase"]
[SourceDate "2023.10.10"]
[SourceVersion "1"]
[SourceVersionDate "2023.10.10"]
[SourceQuality "1"]

1. d4 Nf6 2. c4 e6 3. Nc3 Bb4 4. Bd2 b6 5. f3 Bxc3 6. Bxc3 d5 7. e3 0-0 8. Rc1 Nbd7 9. Nh3 Bb7 10. Nf4 Qe7 11. Bd3 dxc4 12. Bxc4 e5 13. dxe5 Nxe5 14. Bxe5 Qxe5 15. Qe2 Rfe8 16. Kf2 c5 17. Nd3 Qf5 18. Rhe1 Ne4+ 19. Kg1 Nd6 20. e4 Qg5 21. Nf2 Nxc4 22. Qxc4 Rad8 23. Qa4 a6 24. Rcd1 Rc8 25. Qd7 Qe7 26. Qxe7 Rxe7 27. Rd6 b5 28. Red1 f6 29. Rd7 Kf7 30. R1d6 Bc6 31. Rd8 Re8 32. Rxe8 Kxe8 33. f4 Ke7 34. e5 c4 35. g3 fxe5 36. fxe5 b4 37. Kf1 Bb5 38. Ke1 Rc5 39. Rb6 Rxe5+ 40. Kd1 c3 41. bxc3 bxc3 42. Rb7+ Kd6 43. Rxg7 Ba4+ 44. Kc1 Re1+ 0-1

[Event "Perth op"]
[Site "Perth"]
[Date "2023.01.05"]
[Round "5"]
[White "Wolstencroft, Alan"]
[Black "Solomontchik, Daniel"]
[Result "0-1"]
[WhiteElo "1702"]
[BlackElo "1452"]
[PlyCount "118"]
[EventDate "2023.01.02"]
[EventType "swiss"]
[EventRounds "11"]
[EventCountry "AUS"]
[SourceTitle "CBM 212 Extra"]
[Source "ChessBase"]
[SourceDate "2023.03.31"]
[SourceVersion "1"]
[SourceVersionDate "2023.03.31"]
[SourceQuality "1"]

1. e4 d5 2. exd5 Qxd5 3. Nc3 Qe5+ 4. Qe2 Qxe2+ 5. Bxe2 Bf5 6. d3 Nc6 7. Bf4 e5 8. Bd2 0-0-0 9. 0-0-0 Nf6 10. h3 Bc5 11. g4 Be6 12. f4 Nd5 13. f5 Nxc3 14. Bxc3 Bd5 15. Rh2 Be3+ 16. Kb1 Bf4 17. Rf2 Bg3 18. Rf3 Bxf3 19. Bxf3 Nd4 20. Bg2 Bf2 21. Nf3 Nxf3 22. Bxf3 Bd4 23. Bd2 f6 24. c3 Bb6 25. Kc2 c6 26. Re1 Rd7 27. Be3 Kc7 28. Bxb6+ axb6 29. Be4 h5 30. Rg1 hxg4 31. hxg4 Rh2+ 32. Kb3 Kd6 33. g5 Ke7 34. gxf6+ gxf6 35. Rg7+ Ke8 36. Rxd7 Kxd7 37. c4 Kd6 38. Kc3 Rf2 39. a3 Kc7 40. Kb3 Kb8 41. Kc3 Ka7 42. b4 Ka6 43. Kb3 b5 44. c5 Ka7 45. Kc3 Kb8 46. Kb3 Kc7 47. Kc3 Rf1 48. Kb3 Kd7 49. Kb2 Ke7 50. Kb3 Rf4 51. a4 Rxe4 52. dxe4 Kf7 53. axb5 cxb5 54. Kc3 Kg7 55. Kd3 Kh6 56. Ke2 Kg5 57. Kf3 Kh4 58. Kf2 Kg4 59. Ke3 Kg3 0-1

[Event "Perth op"]
[Site "Perth"]
[Date "2023.01.04"]
[Round "4"]
[White "King, David1111"]
[Black "Solomontchik, Daniel"]
[Result "1/2-1/2"]
[WhiteElo "1740"]
[BlackElo "1452"]
[PlyCount "163"]
[EventDate "2023.01.02"]
[EventType "swiss"]
[EventRounds "11"]
[EventCountry "AUS"]
[SourceTitle "CBM 212 Extra"]
[Source "ChessBase"]
[SourceDate "2023.03.31"]
[SourceVersion "1"]
[SourceVersionDate "2023.03.31"]
[SourceQuality "1"]

1. e4 d5 2. exd5 Qxd5 3. Nc3 Qe5+ 4. Be2 Bg4 5. d4 Bxe2 6. Ngxe2 Qa5 7. 0-0 Nf6 8. Bd2 e6 9. h3 Nc6 10. a3 0-0-0 11. Be3 Qf5 12. Ng3 Qg6 13. Nce2 Bd6 14. c3 h5 15. Qb1 Qxb1 16. Raxb1 h4 17. Nh1 Rdg8 18. f3 g5 19. Nf2 Nd5 20. Bd2 f5 21. Rfe1 Kd7 22. Rbd1 Nf6 23. c4 g4 24. fxg4 fxg4 25. Bc3 gxh3 26. Nxh3 Rh6 27. Nef4 Bxf4 28. Nxf4 Nh5 29. Nh3 Rhg6 30. Rd2 Ne7 31. d5 exd5 32. Bb4 Nf5 33. Re5 Nhg3 34. Nf4 Rg4 35. Rexd5+ Kc8 36. Ne6 b6 37. Rd8+ Rxd8 38. Rxd8+ Kb7 39. Rd7 Rxc4 40. Rd1 Rc2 41. Rb1 Ne3 42. Nf4 Ne2+ 43. Nxe2 Rxe2 44. Kh2 Nxg2 45. Kh3 Nf4+ 46. Kxh4 Nd3 47. Bc3 Nc5 48. Kg4 Ne4 49. Bh8 Nd2 50. Rc1 Nb3 51. Rd1 Rd2 52. Rxd2 Nxd2 53. Kf4 Kc6 54. Ke3 Nc4+ 55. Kd3 Nd6 56. Kc3 Kb5 57. b3 a6 58. Be5 Kc5 59. Bf4 b5 60. Be3+ Kd5 61. Kc2 c6 62. Bd2 Kd4 63. Bc3+ Ke4 64. a4 Nf5 65. Ba5 Ne3+ 66. Kc3 Nd5+ 67. Kd2 Kd4 68. axb5 axb5 69. Bd8 Kc5 70. Bg5 Kb4 71. Kc2 Ka3 72. Bh6 Nc7 73. Bf8+ Ka2 74. Bd6 Ne6 75. Kc3 Kb1 76. Ba3 Nf4 77. Bd6 Nd5+ 78. Kd4 Kc2 79. Kc5 Kxb3 80. Kxc6 Nc3 81. Be5 b4 82. Bd6 1/2-1/2